The noble scholar, jurist, historian


 His Excellency Dr. Abdul Wahhab bin Ibrahim Abu Sulaiman, may Allah have mercy on him.


 He was born in Umm Al-Qura in the year 1356 AH.

موسوعة أصول الفقه المقارن = (Record no. 4650)

MARC details
000 -LEADER
fixed length control field 01609caa a22002891ib4500
003 - CONTROL NUMBER IDENTIFIER
control field SA-RiAUC
005 - DATE AND TIME OF LATEST TRANSACTION
control field 20250113063913.0
008 - FIXED-LENGTH DATA ELEMENTS--GENERAL INFORMATION
fixed length control field 250112s2009 ir g be 000 0 ara c
020 ## - INTERNATIONAL STANDARD BOOK NUMBER
International Standard Book Number 9789641670582
040 ## - CATALOGING SOURCE
Original cataloging agency SA-JeALM
Language of cataloging ara
Transcribing agency SA-RiAUC.
Description conventions rda
072 #7 - SUBJECT CATEGORY CODE
Subject category code MAI
082 04 - DEWEY DECIMAL CLASSIFICATION NUMBER
Classification number 251.03
090 ## - LOCALLY ASSIGNED LC-TYPE CALL NUMBER (OCLC); LOCAL CALL NUMBER (RLIN)
Classification number (OCLC) (R) ; Classification number, CALL (RLIN) (NR) 251.03
Local cutter number (OCLC) ; Book number/undivided call number, CALL (RLIN) م ج م
110 2# - MAIN ENTRY--CORPORATE NAME
Corporate name or jurisdiction name as entry element المجمع العالمي للتقريب بين المذاهب الإسلامية (طهران).
Subordinate unit مركز التحقيقات والدراسات العلمية
Relator term مؤلف.
245 10 - TITLE STATEMENT
Title موسوعة أصول الفقه المقارن =
Remainder of title Encyclopedia of comparative jurisprudence fundamentals /
Statement of responsibility, etc. إعداد مركز التحقيقات والدراسات العلمية، المجمع العالمي للتقريب بين المذاهب الإسلامية.
246 31 - VARYING FORM OF TITLE
Title proper/short title Encyclopedia of comparative jurisprudence fundamentals
264 ## - PRODUCTION, PUBLICATION, DISTRIBUTION, MANUFACTURE, AND COPYRIGHT NOTICE
Place of production, publication, distribution, manufacture طهران :
Name of producer, publisher, distributor, manufacturer المجمع العلمي للتقريب بين المذاهب الاسلامية.
Date of production, publication, distribution, manufacture, or copyright notice 2009
300 ## - PHYSICAL DESCRIPTION
Extent مجلد :
Dimensions 30 سم
336 ## - CONTENT TYPE
Content type term نص
Content type code txt
Source rdacontent
Materials specified كتاب
337 ## - MEDIA TYPE
Media type term بدون وسيط
Media type code n
Source rdamedia
338 ## - CARRIER TYPE
Carrier type term مجلد
Carrier type code nc
Source rdacarrier
504 ## - BIBLIOGRAPHY, ETC. NOTE
Bibliography, etc. note ببليوجرافية : صفحة 385-424.
580 ## - LINKING ENTRY COMPLEXITY NOTE
Linking entry complexity note في : موسوعة أصول الفقه المقارن = Encyclopedia of comparative jurisprudence fundamentals. -طهران : المجمع العالمي للتقريب بين المذاهب الإسلامية، 2009. -مج. 1.
650 #7 - SUBJECT ADDED ENTRY--TOPICAL TERM
Topical term or geographic name entry element أصول الفقه الإسلامي
Form subdivision دوائر معارف
Source of heading or term aucsh
942 ## - ADDED ENTRY ELEMENTS (KOHA)
Source of classification or shelving scheme Dewey Decimal Classification
Koha item type Books
Suppress in OPAC No
949 ## - LOCAL PROCESSING INFORMATION (OCLC)
a SA-JeALM
d 250112
u osman123
n 1
Holdings
Withdrawn status Lost status Source of classification or shelving scheme Materials specified (bound volume or other part) Damaged status Not for loan Home library Current library Date acquired Total checkouts Full call number Barcode Date last seen Price effective from Koha item type
    Dewey Decimal Classification الجزء الأول     DR AbdElwahab Library DR AbdElwahab Library 01/13/2025   251.03 م ج م 000007149 01/13/2025 01/13/2025 Books